Liedtext Pokémon Titellied - Statistiken

Allgemein
  • Dieses Quiz wurde 4.137 mal gespielt
  • Das Durchschnittsergebnis liegt bei 116 aus 177
Antwortstatistiken
Antwort % Korrekt
Ich
98%
ich
98%
der
97%
sein
96%
will
96%
Pokemon
95%
mir
94%
sie
94%
keiner
93%
vor
93%
war
93%
die
92%
wie
92%
allerbeste
88%
du
87%
schnapp
87%
Gefahr
86%
kenne
85%
und
85%
dir
84%
Komm
83%
Ganz
82%
das
81%
Das
81%
allein
78%
fang
78%
Land
74%
was
74%
durch
73%
ganze
73%
beste
72%
zu
72%
weit
69%
breit
68%
suche
68%
Freund
66%
wir
66%
Wir
66%
auch
64%
verstehen
64%
Mein
63%
mein
63%
tu
63%
diese
62%
um
62%
Macht
61%
streife
61%
verleiht
61%
Welt
59%
allem
58%
bester
57%
Nur
56%
retten
53%
ihm
52%
In
52%
in
52%
von
37%
auf
35%
lern
35%
ist
34%
es
30%
Mut
29%
vertrauen
27%
unseren
26%
Dein
25%
Egal
23%
gut
23%
den
22%
Herz
22%
Weg
22%
Kampf
19%
Dass
18%
schwer
18%
sind
18%
Freunde
16%
ganzen
16%
zeigen
16%
nehme
15%
Team
15%
gebe
14%
Kauf
14%
niemals
14%
gehört
13%
Gemeinsam
11%
gewinnt
11%
Platz
11%
ziehen
10%
Keine übereinstimmenden Quizze gefunden
Verteilung der Resultate
Anzahl Personen mit jedem Resultat
Perzentil nach korrekt beantworteten Fragen
Ihre Resultats-Entwicklung
Sie haben dieses Quiz noch nicht gespielt